| 000 | 00718nab a2200193 4500 | ||
|---|---|---|---|
| 001 | 244442 | ||
| 003 | OSt | ||
| 005 | 20250910131441.0 | ||
| 007 | tu | ||
| 008 | 200917s2020||||||| | ||
| 040 |
_aDE-2950 _cDE-2950 |
||
| 245 | 0 | 0 |
_aWie die Kandidaten auf die Klimafolgen blicken _bOB-Wahl. In Frankfurt wird am, 21. September gewählt. Die Redaktion hat die OB-Kandidaten zum Umgang mit den Folgen von Klimawandel und zunehmenden Extramwetterlagen befragt. Ist das überhaupt ein Thema? _cThomas Gutke |
| 264 | _c2025 | ||
| 653 | _aFrankfurt (Oder) | ||
| 653 | _aOB-Kandidaten | ||
| 653 | _aKlimawandel | ||
| 773 | 0 |
_g36. Jahrgang (2025) Nr. 207 vom 05.09.2025, S. 15 mit Foto _tMärkische Oderzeitung |
|
| 942 |
_2z _cA |
||
| 999 |
_c373999 _d373999 |
||